| 000 | 00778cam a2200289 4500 | ||
|---|---|---|---|
| 008 | 090401t1995 xxu||||| |||| 00| 0 eng d | ||
| 020 | _a0728202492 | ||
| 035 | _a(Sirsi) u34402 | ||
| 041 | _aeng | ||
| 050 | _a333.332 | ||
| 100 | _aEnever, Nigel | ||
| 245 | 4 | _aThe valuation of property investments. | |
| 250 | _a5th ed. | ||
| 260 |
_aLondon _bEstates Gazette _c1995 |
||
| 300 | _a230p. ; 21cm. | ||
| 350 | _a19.5 | ||
| 520 | _aSUPERSEDED BY 6TH ED, 2002 | ||
| 650 | _aFREEHOLD | ||
| 650 | _aINVESTMENT APPRAISAL | ||
| 650 | _aLEASEHOLD | ||
| 650 | _aPROPERTY INVESTMENT | ||
| 650 | _aPROPERTY MARKET | ||
| 690 | _aPROPERTY-COMMERCIAL PROPERTY-COMMERCIAL PROPERTY APPRAISAL AND VALUATION | ||
| 700 | _aIsaac, David | ||
| 942 | _n0 | ||
| 948 | _c04/03/1997 | ||
| 999 |
_c89938 _d89938 |
||